书目信息 |
| 题名: |
中外影视名曲选
|
|
| 作者: | 江通编配 | |
| 分册: | ||
| 出版信息: | 北京 少年儿童出版社 1987.12 |
|
| 页数: | 50页 | |
| 开本: | 30cm | |
| 丛书名: | ||
| 单 册: | ||
| 中图分类: | J652.4 | |
| 科图分类: | ||
| 主题词: | 外国音乐--作品 , 音乐--各国--作品 | |
| 电子资源: | ||
| ISBN: | 7-5324-0091-3 | |
| 000 | 00786nam0 2200217 45 | |
| 001 | 0312221749 | |
| 005 | 20040510162818.5 | |
| 010 | @a7-5324-0091-3@dCNY2.90 | |
| 100 | @a20031222d1987 km y0chiy0120 ea | |
| 101 | @achi | |
| 105 | @a z 000yy | |
| 200 | 1 | @a中外影视名曲选@e供钢琴、电子琴、风琴、手风琴练习用@EGong Gang Qin、Dian Zi Qin、Feng Qin、Shou Feng Qin Lian Xi Yong@AZhong Wai Ying Shi Ming Qu Xuan@f江通编配@FJiang Tong Bian Pei |
| 210 | @a北京@c少年儿童出版社@d1987.12 | |
| 215 | @a50页@d30cm | |
| 517 | @a供钢琴、电子琴、风琴、手风琴练习用@AGong Gang Qin、Dian Zi Qin、Feng Qin、Shou Feng Qin Lian Xi Yong | |
| 606 | 0 | @a外国音乐@x作品 |
| 606 | 0 | @a音乐@y各国@x作品 |
| 690 | @aJ652.4@v3 | |
| 701 | 0 | @a江通编配 |
| 801 | @aCN@bTSTCL@c20031222 | |
| 905 | @dJ652.4@e132 | |
| 中外影视名曲选:供钢琴、电子琴、风琴、手风琴练习用/江通编配.-北京:少年儿童出版社,1987.12 |
| 50页;30cm |
| ISBN 7-5324-0091-3:CNY2.90 |
| ● |
| 相关链接 |
|
|
|
|
正题名:中外影视名曲选
索取号:J652.4/132
 
预约/预借
| 序号 | 登录号 | 条形码 | 馆藏地/架位号 | 状态 | 备注 |
| 1 | 0212435 | 001228255 | 第一借阅区/ [索取号:J652.4/132] | 在馆 | |
| 2 | 0212437 | 001225249 | 第一样本阅览室/ [索取号:J652.4/132] | 在馆 |